Responses for Show #7177 - Tuesday, November 24, 2015

Contestants

[<< previous game]

Molly Hewitt, a writer and freelance proofreader from Hollywood, California

Julie Adair, a virtual assistant from Panama City, Florida

Laura Ashby, an attorney from Marietta, Georgia (whose 2-day cash winnings total $36,802)

[next game >>]

Jeopardy! Round responses

WHERE IS THAT?
COOKING METHODS
NEWSPAPERS & MAGAZINES
LEADER OF THE PACK
"OFF" WE GO
INTO THE WILD BLUE YONDER
    $200 5
Mecca

Laura
    $200 1
to sift

Julie
    $200 10
Vogue

Molly
    $200 20
(Vince) Lombardi

Laura
    $200 15
a face-off

Molly
    $200 23
Teddy Roosevelt

Laura
    $400 6
the Pacific Ocean

Molly
    $400 2
blackening

Julie
    $2,400 11
The Wall Street Journal

Molly
    $400 21
the Seattle Seahawks

Triple Stumper
    $400 16
offshore

Molly
    $400 24
(Alex: That's it, with less than a minute now.)

the mile-high

Laura
    $600 7
(Alex: Yes. Although, the most famous Tivoli Gardens are in [**].)

Italy (or Denmark)

Julie
    $600 3
sweating

Laura
    $600 12
Rolling Stone

Laura
    $600 26
Curly Lambeau

Triple Stumper
    $600 17
an offensive

Molly
    $800 8
the West End

Laura
    $800 4
(Julie: What is wax paper?)

parchment paper

JulieMolly
    $800 13
(Laura: Uh, what is Consumer Reports?)

Good Housekeeping

LauraMolly
    $800 18
the brush-off

Julie
    $800 27
[The end-of-round signal sounds.]

a glider

Molly
    $1000 9
Cody

Molly
    $1000 22
(Molly: What is marinade?)

macerate

Molly
Triple Stumper
    $1000 14
(Julie: What is the Chicago Tribune?)
(Molly: What is the Examiner?)

the Chicago Sun-Times

JulieMolly
Triple Stumper
    $1000 19
toffee

Laura
    $1000 25
(Julie: Who is Mercedes?)

Daimler

JulieMolly

Scores at the first commercial break (after clue 14):

Laura Julie Molly
$1,400 -$600 $4,600

Scores at the end of the Jeopardy! Round:

Laura Julie Molly
$3,200 -$800 $6,600

Double Jeopardy! Round responses

ANCIENT NAMES
MIAMI
WEARABLES' OTHER MEANINGS
LITERARY VILLAINS
THE AUSSIE INVASION
MOTTOES & SLOGANS
    $400 11
(Laura: Who is Plato?)

Hippocrates

LauraJulie
    $400 21
cruise

Laura
    $400 6
pants

Julie
    $400 16
Captain Hook

Laura
    $400 26
AC/DC

Molly
    $400 1
"Don't mess with Texas"

Laura
    $800 12
Hannibal

Laura
    $800 22
the Everglades

Molly
    $800 7
tie

Laura
    $800 17
Moriarty

Laura
    $800 27
Men at Work

Julie
    $800 2
money

Julie
    $2,000 13
Nero

Laura
    $1200 23
Jimmy Buffett

Laura
    $4,000 8
(Laura: What is... a suit?)
(Alex: No. You're obviously not a gambler. It's the [*]. They deal out of the [*].)

shoe

Laura
    $1200 18
Goldfinger

Julie
    $1200 28
The Wiggles

Triple Stumper
    $1200 3
Je suis Charlie

Laura
    $1600 14
Nefertiti

Laura
    $1600 24
Art Deco

Molly
    $1600 9
(Alex: You got it in in the nick of time, our judges say.)

sock

Julie
    $1600 19
Cormac McCarthy

Molly
    $1600 29
INXS

Julie
    $1600 4
the Salvation Army

Molly
    $2000 15
Zoroaster

Laura
    $2000 25
Biscayne Bay

Julie
    $2000 10
shorts

Laura
    $2000 20
Something Wicked This Way Comes

Triple Stumper
    $2000 30
"Reminiscing"

Julie
    $2000 5
(Molly: What is the Tong?)

the Boxers

Molly
Triple Stumper

Scores at the end of the Double Jeopardy! Round:

Laura Julie Molly
$12,400 $10,000 $10,600

[wagering suggestions for these scores]

Final Jeopardy! Round responses

THE OSCARS
(Alex: There are two or three names that come to mind immediately.)
...
(Alex: [To Molly] There are a couple of other names, and one of them was Woody Allen.)
...
(Alex: [To Laura] We're looking for [*], and instead we find the third name that probably was going to come up.)
JulieWho is George Clooney?
$10,000
MollyWho is Woody Allen?
$1,801
LauraWho is Ben Affleck?
$8,801
George Clooney

Final scores:

Laura Julie Molly
$3,599 $20,000 $8,799
3rd place: $1,000 New champion: $20,000 2nd place: $2,000

Game dynamics:

Coryat scores:

Laura Julie Molly
$15,600 $10,000 $8,600
20 R
(including 1 DD),
3 W
(including 1 DD)
13 R,
3 W
16 R
(including 1 DD),
3 W

Combined Coryat: $34,200

[game clues] [game scores] [suggest correction]

Game tape date: 2015-09-28
The J! Archive is created by fans, for fans. Scraping, republication, monetization, and malicious use prohibited; this site may use cookies and collect identifying information. See terms. The Jeopardy! game show and all elements thereof, including but not limited to copyright and trademark thereto, are the property of Jeopardy Productions, Inc. and are protected under law. This website is not affiliated with, sponsored by, or operated by Jeopardy Productions, Inc. Join the discussion at JBoard.tv.